<?xml version="1.0" encoding="UTF-8"?><?xml-stylesheet type="text/xsl" href="static/style.xsl"?><OAI-PMH xmlns="http://www.openarchives.org/OAI/2.0/" xmlns:xsi="http://www.w3.org/2001/XMLSchema-instance" xsi:schemaLocation="http://www.openarchives.org/OAI/2.0/ http://www.openarchives.org/OAI/2.0/OAI-PMH.xsd"><responseDate>2026-06-06T04:35:58Z</responseDate><request verb="GetRecord" identifier="oai:riuma.uma.es:10630/25191" metadataPrefix="marc">https://riuma.uma.es/rest/oai/request</request><GetRecord><record><header><identifier>oai:riuma.uma.es:10630/25191</identifier><datestamp>2026-02-03T12:32:25Z</datestamp><setSpec>com_10630_2254</setSpec><setSpec>col_10630_37959</setSpec></header><metadata><record xmlns="http://www.loc.gov/MARC21/slim" xmlns:dcterms="http://purl.org/dc/terms/" xmlns:doc="http://www.lyncode.com/xoai" xmlns:xsi="http://www.w3.org/2001/XMLSchema-instance" xsi:schemaLocation="http://www.loc.gov/MARC21/slim http://www.loc.gov/standards/marcxml/schema/MARC21slim.xsd">
   <leader>00925njm 22002777a 4500</leader>
   <datafield ind2=" " ind1=" " tag="042">
      <subfield code="a">dc</subfield>
   </datafield>
   <datafield ind2=" " ind1=" " tag="720">
      <subfield code="a">Pérez-Gómez, Olivia</subfield>
      <subfield code="e">author</subfield>
   </datafield>
   <datafield ind2=" " ind1=" " tag="720">
      <subfield code="a">Domínguez-Maqueda, Marta</subfield>
      <subfield code="e">author</subfield>
   </datafield>
   <datafield ind2=" " ind1=" " tag="720">
      <subfield code="a">Grande-Pérez, Ana</subfield>
      <subfield code="e">author</subfield>
   </datafield>
   <datafield ind2=" " ind1=" " tag="720">
      <subfield code="a">Esteve, Consuelo</subfield>
      <subfield code="e">author</subfield>
   </datafield>
   <datafield ind2=" " ind1=" " tag="720">
      <subfield code="a">Seoane, Pedro</subfield>
      <subfield code="e">author</subfield>
   </datafield>
   <datafield ind2=" " ind1=" " tag="720">
      <subfield code="a">Tapia-Paniagua, Silvana Teresa</subfield>
      <subfield code="e">author</subfield>
   </datafield>
   <datafield ind2=" " ind1=" " tag="720">
      <subfield code="a">Balebona-Accino, María del Carmen</subfield>
      <subfield code="e">author</subfield>
   </datafield>
   <datafield ind2=" " ind1=" " tag="720">
      <subfield code="a">Moriñigo-Gutiérrez, Miguel Ángel</subfield>
      <subfield code="e">author</subfield>
   </datafield>
   <datafield ind2=" " ind1=" " tag="260">
      <subfield code="c">2022</subfield>
   </datafield>
   <datafield ind2=" " ind1=" " tag="520">
      <subfield code="a">Probiotics are live microorganisms that confer a health benefit to the host when administered in adequate amounts.&#xd;
Shewanella putrefaciens Pdp11 has been described as a probiotic for farmed fish species such as Solea senegalensis and&#xd;
Sparus aurata. In contrast, other strains of S. putrefaciens have been described as pathogenic&#xd;
for other cultured fish damage of the mouth, extensive skin discoloration, exophthalmia, ascites and bad&#xd;
odour. The S. putrefaciens group was recovered from freshwater samples taken at the L′Albufera system, along autumn–&#xd;
winter 2015. Its counts significantly increased in freshwater parallel to hypoxia and temperature rising. Shewanellae strains&#xd;
were identified as S. putrefaciens and S. xiamenensis by 16S rRNA gene sequencing. These isolates recovered from sick&#xd;
eels or freshwater were virulent for European eel by IP challenge (LD50 106 CFU g−1 body weight. The plasmids plays&#xd;
an important role in the genes transfer and insertion then there can been implicated in antibiotics resistance, degradative&#xd;
pathway and pathogenicity characteristics. The genetic variation conducted by plasmid could induce&#xd;
an impact in probiotic proprieties. In this research, we searched the present or absent of plasmids in pathogenic and&#xd;
probiotic strains of S. putrefaciens. As well as, this plasmids implication in development of virulence factors.&#xd;
&#xd;
The probiotic strain S. putrefaciens Pdp11 did not present plasmid, which was only found in two of the five pathogenic strains.&#xd;
The results allowed us to discard the probiotic Pdp11 could present a pathogenic characteristic as the TA type II system as&#xd;
a virulence factor and its self-regulating characteristics, which may be behind its probiotic nature, making the Pdp11 strain&#xd;
unique in comparison to other S. putrefaciens strains.</subfield>
   </datafield>
   <datafield ind1="8" ind2=" " tag="024">
      <subfield code="a">https://hdl.handle.net/10630/25191</subfield>
   </datafield>
   <datafield tag="653" ind2=" " ind1=" ">
      <subfield code="a">Acuicultura - Patógenos</subfield>
   </datafield>
   <datafield ind2="0" ind1="0" tag="245">
      <subfield code="a">Shewanella putrefaciens Fish pathogenic strains contain plasmids that are absent in the probiotic strain s. Putrefaciens pdp11</subfield>
   </datafield>
</record>
</metadata></record></GetRecord></OAI-PMH>